Operational bills for the erection of a youth club at Withywood, Bristol. (Record no. 96173)

MARC details
000 -LEADER
fixed length control field 00684cam a2200253 4500
001 - CONTROL NUMBER
control field J720
008 - FIXED-LENGTH DATA ELEMENTS--GENERAL INFORMATION
fixed length control field 090401t1963 xxu||||| |||| 00| 0 eng d
035 ## - SYSTEM CONTROL NUMBER
System control number (Sirsi) u76433
041 ## - LANGUAGE CODE
Language code of text/sound track or separate title eng
050 ## - LIBRARY OF CONGRESS CALL NUMBER
Classification number 692.5
100 ## - MAIN ENTRY--PERSONAL NAME
Personal name Clarke, Albert H.
245 ## - TITLE STATEMENT
Title Operational bills for the erection of a youth club at Withywood, Bristol.
260 ## - PUBLICATION, DISTRIBUTION, ETC.
Date of publication, distribution, etc. 1963
300 ## - PHYSICAL DESCRIPTION
Extent 1v.(loose-leaf) ; 30cm.
350 ## - PRICE (NR) (BK AM CF MU VM SE) [OBSOLETE]
Price 0
650 ## - SUBJECT ADDED ENTRY--TOPICAL TERM
Topical term or geographic name entry element BILLS OF QUANTITIES
650 ## - SUBJECT ADDED ENTRY--TOPICAL TERM
Topical term or geographic name entry element YOUTH CLUBS
690 ## - LOCAL SUBJECT ADDED ENTRY--TOPICAL TERM (OCLC, RLIN)
Topical term or geographic name as entry element Quantity surveying
9 (RLIN) 6263
710 ## - ADDED ENTRY--CORPORATE NAME
Corporate name or jurisdiction name as entry element Ministry of Education
9 (RLIN) 582
710 ## - ADDED ENTRY--CORPORATE NAME
Corporate name or jurisdiction name as entry element Building Research Station
9 (RLIN) 203
710 ## - ADDED ENTRY--CORPORATE NAME
Corporate name or jurisdiction name as entry element Bristol City Council
9 (RLIN) 1528
942 ## - ADDED ENTRY ELEMENTS (KOHA)
Suppress in OPAC 0
948 ## - LOCAL PROCESSING INFORMATION (OCLC); SERIES PART DESIGNATOR (RLIN)
c (OCLC) 04/03/1997
Holdings
Withdrawn status Lost status Source of classification or shelving scheme Damaged status Not for loan Home library Current library Shelving location Date acquired Total Checkouts Full call number Barcode Date last seen Date last checked out Copy number Price effective from Koha item type
    Dewey Decimal Classification     London London Basement 18/05/1992 2 SHELF 302 30032943 06/08/2019 26/02/2003 1 06/08/2019 Book